Yüklüyor......
STANDARD METHODS OF CHEMICAL ANALYSIS
| Yazar: | |
|---|---|
| Materyal Türü: | Printed Book |
| Baskı/Yayın Bilgisi: |
New Delhi
D Van Nostrand co.Inc.
1963
|
| Edisyon: | 6 |
| Konular: |
| LEADER | 00582nam a2200181 4500 | ||
|---|---|---|---|
| 020 | |c 22.5 | ||
| 082 | |a 543 WEL | ||
| 100 | |a WELCHER FRANK J | ||
| 245 | |a STANDARD METHODS OF CHEMICAL ANALYSIS |h ENGLISH | ||
| 250 | |a 6 | ||
| 260 | |a New Delhi |b D Van Nostrand co.Inc. |c 1963 | ||
| 300 | |a 2613 |f HB | ||
| 500 | |a | ||
| 590 | |d Dollar 22.5 | ||
| 650 | |a STANDARD METHODS OF CHEMICAL ANALYSIS | ||
| 942 | |c BK | ||
| 999 | |c 119260 |d 119260 | ||
| 952 | |0 0 |1 0 |4 0 |6 543_000000000000000_WEL |7 0 |9 132725 |a CHE |b CHE |g 22.50 |l 0 |o 543 WEL |p CHE566 |r 2019-10-15 |w 2019-10-15 |y BK | ||